000
00320nam a2200133 4500
008
230627b xxu||||| |||| 00| 0 eng d
020
_a
9982260049
082
_a
338.76
_b
MOS 2001
245
_a
COMESA
_b
Regional Integration Research Network
260
_b
COMESA
_c
2001
300
_a
42p
440
_n
10
942
_2
ddc
_c
BK
999
_c
2932
_d
2932